000 00811nam a2200265 a 4500
001 71844
003 BD-RjUL
005 20211209082152.0
008 170508s1959 ne 001 0 eng d
035 _a(BD-RjUL)72060
040 _aDLC
_cDLC
_dDLC
_dBD-RjUL
_beng
041 _aeng
082 0 0 _223
_a536.7
_bGUT 1959
100 1 _aGuggenheim, E. A.
_q(Edward Armand),
_d1901-
_925958
245 0 0 _aThermodynamics, an advanced threatment for chemists and physicists /
_cby E. A. Guggenheim.
250 _a4th ed.
260 _aAmsterdam :
_bNorth-Holland Publishing Co.,
_c1959
300 _axxiv, 476 p. ;
_c23 cm.
490 _aSeries in physics
500 _aincludes index.
650 0 _aThermodynamics.
_927270
830 _aSeries in physics
_9212520
942 _2ddc
_cBK
999 _c71844
_d71844